000 00322nam a22001337a 4500
008 181219b xxu||||| |||| 00| 0 eng d
020 _a9781854106865
041 _aeng
080 _a721
100 _a44
101 _aARK
245 _aDoors Windows From The AQrchives Of Century Life
_cMiers.m
942 _2udc
_cBK
999 _c53500
_d53500